বিবিসি জানালা ইংরেজি শেখার বই: (Record no. 11156)
[ view plain ]
| 000 -LEADER | |
|---|---|
| fixed length control field | 00820nam a2200217 a 4500 |
| 001 - CONTROL NUMBER | |
| JCCL Control Number | 11156 |
| 003 - CONTROL NUMBER IDENTIFIER | |
| JCCL marc code | BD-JhCC |
| 005 - DATE AND TIME OF LATEST TRANSACTION | |
| control field | 20190928085724.0 |
| 008 - FIXED-LENGTH DATA ELEMENTS--GENERAL INFORMATION | |
| fixed length control field | 190604b20122019bg a|||| ||a| 000 0 ben d |
| 020 ## - INTERNATIONAL STANDARD BOOK NUMBER | |
| International Standard Book Number | 9789849003977 |
| 035 ## - SYSTEM CONTROL NUMBER | |
| system control number | (BD-JhCC)11156 |
| 040 ## - CATALOGING SOURCE | |
| Original cataloging agency | BD-JhCC |
| Modifying agency | BD-JhCC |
| 041 ## - LANGUAGE CODE | |
| Language code of Book | ben |
| 082 ## - DEWEY DECIMAL CLASSIFICATION NUMBER | |
| Author mark and Year | BBC 2019 |
| Classification number | 428.1 |
| 245 ## - TITLE STATEMENT | |
| Title | বিবিসি জানালা ইংরেজি শেখার বই: |
| Remainder of title | মজায় মজায় শিখা / |
| Statement of responsibility, etc | সম্পাদনা: প্রথমা প্রকাশন । |
| 260 ## - PUBLICATION, DISTRIBUTION, ETC. (IMPRINT) | |
| Place of publication, distribution, etc | ঢাকা: |
| Name of publisher, distributor, etc | প্রথমা প্রকাশন; |
| Date of publication, distribution, etc | ২০১৯. |
| 300 ## - PHYSICAL DESCRIPTION | |
| Pagination | ৭৬ পৃঃ . : |
| Other physical details | ill; |
| Dimensions | ২৬ সেমি. |
| 650 ## - SUBJECT ADDED ENTRY--TOPICAL TERM | |
| Topical term or geographic name as entry element | English Language |
| General subdivision | Leranning |
| 700 ## - ADDED ENTRY--PERSONAL NAME | |
| Personal name | প্রকাশন, প্রথমা |
| 942 ## - ADDED ENTRY ELEMENTS (KOHA) | |
| Source of classification or shelving scheme | Dewey Decimal Classification |
| Koha item type | Books |
| Source of classification or shelving scheme | volume number | Damaged status | Not for loan | Home library | Current library | Shelving location | Date of accession | Cost, normal purchase price | Total Checkouts | Full call number | Barcode | Date last seen | Copy number | Koha item type |
|---|---|---|---|---|---|---|---|---|---|---|---|---|---|---|
| Dewey Decimal Classification | V-2 | JCC Rouf Library | JCC Rouf Library | General Stacks | 06/01/2019 | 105.00 | 428.1 BBC 2019 | 15098 | 08/04/2019 | C-1 | Books | |||
| Dewey Decimal Classification | V-3 | JCC Rouf Library | JCC Rouf Library | General Stacks | 06/28/2019 | 105.00 | 428.1 BBC 2019 | 15669 | 09/28/2019 | C-1 | Books |